Embodiment of Truth Volume 2 (Record no. 47307)

MARC details
000 -LEADER
fixed length control field 00663nam a22001697a 4500
005 - DATE AND TIME OF LATEST TRANSACTION
control field 20260219125018.0
008 - FIXED-LENGTH DATA ELEMENTS--GENERAL INFORMATION
fixed length control field 260219b |||||||| |||| 00| 0 eng d
020 ## - INTERNATIONAL STANDARD BOOK NUMBER
International Standard Book Number 9789387791565
040 ## - CATALOGING SOURCE
Transcribing agency VITAP
082 ## - DEWEY DECIMAL CLASSIFICATION NUMBER
Edition number 23
Classification number 294.5092 VEN
100 ## - MAIN ENTRY--PERSONAL NAME
Personal name Venkataramanan, Geetha Ed
9 (RLIN) 17156
245 ## - TITLE STATEMENT
Title Embodiment of Truth Volume 2
Remainder of title : Kanchi Mahaswami
Statement of responsibility, etc. / Geetha Venkataramanan
260 ## - PUBLICATION, DISTRIBUTION, ETC.
Place of publication, distribution, etc. Chennai
Name of publisher, distributor, etc. THG Publishing Pvt Ltd
Date of publication, distribution, etc. 2024
300 ## - PHYSICAL DESCRIPTION
Extent 264p, ill.; 30cm
650 #0 - SUBJECT ADDED ENTRY--TOPICAL TERM
Topical term or geographic name entry element Spiritual Discourses, Daily Life of the Mahaswami, Teachings on Hindu Scriptures, Moral & Ethical Guidance, Religious Harmony, Role in Reviving Vedic Tradition etc.
9 (RLIN) 17157
942 ## - ADDED ENTRY ELEMENTS (KOHA)
Source of classification or shelving scheme Dewey Decimal Classification
Koha item type Reference Book
Holdings
Withdrawn status Lost status Source of classification or shelving scheme Materials specified (bound volume or other part) Damaged status Not for loan Collection code Home library Current library Shelving location Date acquired Source of acquisition Cost, normal purchase price Inventory number Total Checkouts Full call number Barcode Date last seen Cost, replacement price Price effective from Koha item type Public note
    Dewey Decimal Classification Paper Back   Not For Loan Reference School of Business & General Section VIT-AP Reference 2026-01-12 The Hindu Group of Publications 399.00 9001173329   294.5092 VEN 025516 2026-02-19 399.00 2026-01-12 Reference Book GEN

Visitor Number: